Normal view
MARC view
- NS AWAIS SHAHBAZ NS M.BILAL RIAZ NS RANA MUHAMMAD JUNAID NS UMAIR JAVAID MANJ
Entry Personal Name
001 - CONTROL NUMBER
- control field: 70899
003 - CONTROL NUMBER IDENTIFIER
- control field: NUST
005 - DATE AND TIME OF LATEST TRANSACTION
- control field: 20210628204551.0
008 - FIXED-LENGTH DATA ELEMENTS
- fixed length control field: 210628|| aca||aabn | a|a d
040 ## - CATALOGING SOURCE
- Original cataloging agency: NUST
- Transcribing agency: NUST
100 ## - HEADING--PERSONAL NAME
- Personal name: NS AWAIS SHAHBAZ NS M.BILAL RIAZ NS RANA MUHAMMAD JUNAID NS UMAIR JAVAID MANJ
670 ## - SOURCE DATA FOUND
- Source citation: Work cat.: (NUST): NS AWAIS SHAHBAZ NS M.BILAL RIAZ NS RANA MUHAMMAD JUNAID NS UMAIR JAVAID MANJ , PR-SOF-1556-NATO Narrowband Waveform implemented on SDR Kit, 2016
